Statistics for All Spider-man voices and actors

Click here to take the quiz!

General Stats

  • This quiz has been taken 15 times
  • The average score is 10 of 35

Answer Stats

Movie/ShowVariantAnswer% Correct
Amazing Spider-ManPeter ParkerAndrew Garfield
100%
Raimi TrilogyPeter ParkerTobey Maguire
90%
MCUPeter ParkerTom Holland
90%
Spider-VersePeter Parker (Noir)Nicholas Cage
60%
Spider-Man: Shattered DimensionsPeter ParkerNeil Patrick Harris
50%
Spider-VerseMiguel O'haraOscar Isaac
50%
Spider-Man (PS4/PS5)Peter ParkerYuri Lowenthal
50%
Spider-VersePeter Parker (Earth-1610)Chris Pine
40%
Ultimate Spider-ManPeter ParkerDrake Bell
40%
Spider-VerseGwen StacyHailee Steinfeld
40%
Spider-VersePeter B. ParkerJake Johnson
40%
Spider-VersePeter PorkerJohn Mulaney
40%
Spider-VerseMiles MoralesShameik Moore
40%
Spider-VerseHobart BrownDaniel Kaluuya
30%
The Spectacular Spider-ManPeter ParkerJosh Keaton
30%
Spider-VersePeni ParkerKimiko Glenn
30%
Spider-Man (1990's)Peter ParkerChristopher Daniel Barnes
20%
Spider-Man and his Amazing Friends/Spider-Man: Shattered DimensionsPeter Parker/Miguel O'haraDan Gilvezan
20%
Spider-VerseJessica DrewIssa Rae
20%
Spider-Man: Miles MoralesMiles MoralesNadji Jeter
20%
The Amazing Spider-Man (1970's)Peter ParkerNicholas Hammond
20%
Ultimate Spider-ManMiles MoralesOgie Banks
20%
Spider-Man (1960's)Peter ParkerPaul Soles
20%
SupaidamanTakuya YamashiroShinji Todo
20%
Spider-Man: Friend Or FoePeter ParkerJames Arnold Taylor
10%
Spider-Man: UnlimitedPeter ParkerRino Romano
10%
Ultimate Spider-Man/Spider-Man: Shattered Dimensions (Japanese Dub)Peter ParkerShinji Kawada
10%
Lego Marvel Super Heroes: Avengers AssemblePeter ParkerBenjamin Diskin
0%
Amazing Spider-ManYoung Peter ParkerMax Charles
0%
Spider-Man: Web Of ShadowsPeter ParkerMike Vaughn
0%
Spider-Man: Turn Off The DarkPeter ParkerReeve Carney
0%
Spider-Man (Disney XD)Peter ParkerRobbie Daymnod
0%
The Amazing Spider-Man (game)Peter ParkerSam Riegel
0%
Ultimate Spider-Man (Game)Peter ParkerSean Marquette
0%
The Amazing Spider-Man (BBC Radio)Peter ParkerWilliam Dufris
0%

Score Distribution

Percentile by Number Answered

Percent of People with Each Score

Your Score History

You have not taken this quiz